01045 2200337 4500001002100000005001500021035002000036007000300056008004100059020002200100082001400122084001600136100002500152245009300177250003600270300004600306650002000352700002400372700003200396700003300428504003400461264003800495336002100533337003000554338002300584040002200607090002200629850001200651999002200663990002200685INLIS00000000090381920260310121457 a0010-0326000477ta260310s2025 yoia g ind d a978-623-466-798-104223a658.7 a658.7 SUJ m0 aSujatmikaePengarang10aManajemen rantai pasok sayur /cSujatmika, Budiarto, Dwi Hari Laksana, Sri Kussujaniatun aCetakan Pertama : Desember 2025 ax, 111 halaman :bgambar, tabel ;c23 cm 4aLogistik bisnis0 aBudiartoePengarang0 aDwi Hari LaksanaePengarang0 aSri KussujaniatunePengarang aBibliografi : halaman 110-11131aSleman :bZahir Publishing,c2025 2rdacontentateks 2rdamediaatanpa perantara 2rdacarrieravolume aYOPDYOGbinderda aCB-D.11 2025-5829 aYOPDYOG aCB-D.11/2025-5829 aCB-D.11/2025-5829